Heroídas: selección

Saved in:
Bibliografiske detaljer
Hovedforfatter: Ovidio Nasón, Publio (autor)
Format: Bog
Sprog:spansk
Udgivet: Buenos Aires Columba 1972
Serier:Colección Mar Jonico, 16
Fag:
Tags: Tilføj Tag
Ingen Tags, Vær først til at tagge denne postø!

MARC

LEADER 00000nam a2200000 a 4500
001 UCX6325
003 CL-VaPUC
008 930517e19720000AG |||||||||||||||||spa|d
082 0 4 |a 871  |b OVI  |2 21 
100 |a Ovidio Nasón, Publio  |e autor  |9 371738 
245 1 0 |a Heroídas: selección 
300 |a 32 p 
942 |c BK 
945 |d 19930517 00:00:00 
260 |a Buenos Aires  |b Columba  |c 1972 
650 7 |a POESIAS LATINAS  |2 CL-VaPUC  |9 322758 
583 |a last modification  |c 20120618 10:58:54  |k Rodrigo Vera 
490 0 |a Colección Mar Jonico, 16 
999 |c 226358  |d 226356 
952 |0 0  |1 0  |4 0  |6 871_000000000000000_OVI_1972  |7 0  |8 A  |9 224649  |a BIBHIS  |b BIBHIS  |d 2019-11-15  |i 2934183  |o 871 OVI 1972  |p 2934183  |r 2025-01-20  |w 2019-11-15  |y BK  |k HIS